000 00504ntaaa2200181 4500
003 01
005 20251027202110.0
008 0714s1973 ag 01
040 _aAR-BaBN
_bspa
_cAR-BaBN
_eaacr
_dRIC
082 _a252.0410 Se3
100 _aSegerhammar, Carl Joseph
_919478
245 _aGleanings from the field
250 _a1 ed.
260 _aSt.Louis :
_bLouis Lange Publishing Co,
_c1912, 1917
300 _a232 p
500 _aColección de sermones, discursos, poemas, y artículos
942 _cBK
999 _c15847
_d15847